[Event "Beirut op 10th"]
[Site "Beirut"]
[Date "2019.04.27"]
[Round "3"]
[White "Sursock, Sameer"]
[Black "Khechen, Nabil E"]
[Result "1/2-1/2"]
[WhiteElo "2048"]
[BlackElo "1933"]
[PlyCount "61"]
[EventDate "2019.04.25"]
[EventType "swiss"]
[EventRounds "9"]
[EventCountry "LBN"]
[SourceTitle "CBM 190 Extra"]
[Source "ChessBase"]
[SourceDate "2019.07.15"]
[SourceVersion "1"]
[SourceVersionDate "2019.07.15"]
[SourceQuality "1"]

1. Nf3 Nf6 2. g3 c5 3. Bg2 Nc6 4. 0-0 g6 5. d3 Bg7 6. e4 0-0 7. Nc3 d6 8. h3 Ne8 9. Bg5 Nc7 10. Rb1 Ne6 11. Be3 Ned4 12. Kh2 h6 13. Ne2 Nxe2 14. Qxe2 Nd4 15. Qd2 Kh7 16. c3 Nxf3+ 17. Bxf3 Bd7 18. Bg2 Bc6 19. d4 b6 20. Rbd1 Qc7 21. Rfe1 cxd4 22. cxd4 Qb7 23. d5 Bd7 24. Rc1 Rac8 25. Rxc8 Rxc8 26. Rc1 Rc7 27. Bf1 Qc8 28. Rxc7 Qxc7 29. Qc1 Qxc1 30. Bxc1 Bd4 31. Kg2 1/2-1/2

[Event "Beirut op 10th"]
[Site "Beirut"]
[Date "2019.04.26"]
[Round "2"]
[White "Khechen, Nabil E"]
[Black "Salameh, Sleiman"]
[Result "1-0"]
[WhiteElo "1933"]
[BlackElo "1621"]
[PlyCount "81"]
[EventDate "2019.04.25"]
[EventType "swiss"]
[EventRounds "9"]
[EventCountry "LBN"]
[SourceTitle "CBM 190 Extra"]
[Source "ChessBase"]
[SourceDate "2019.07.15"]
[SourceVersion "1"]
[SourceVersionDate "2019.07.15"]
[SourceQuality "1"]

1. e4 e6 2. c4 c5 3. Nf3 Nc6 4. Nc3 Be7 5. d4 cxd4 6. Nxd4 Bc5 7. Nb3 Bb4 8. Bd2 a6 9. a3 Be7 10. Be3 Bf6 11. Rc1 Qc7 12. Qd2 Nge7 13. f4 Ng6 14. e5 Be7 15. c5 0-0 16. Ne4 Nh4 17. Bf2 Nxe5 18. fxe5 Qxe5 19. Qd4 Qf4 20. Bg3 Qh6 21. Nd6 Bf6 22. Qf2 Nf5 23. Nxf5 exf5 24. Bf4 g5 25. Bd6 Re8+ 26. Kd1 b6 27. cxb6 Bxb2 28. Bc7 Bxc1 29. Nxc1 Bb7 30. Bd3 f4 31. Nb3 Re3 32. Bc2 Rae8 33. Nd4 Qf6 34. Qd2 Bxg2 35. Rg1 Bf3+ 36. Kc1 Qe7 37. Qb4 Re1+ 38. Rxe1 Qxe1+ 39. Qxe1 Rxe1+ 40. Kd2 Re8 41. Nxf3 1-0

[Event "Beirut op 9th"]
[Site "Beirut"]
[Date "2017.10.04"]
[Round "6"]
[White "Khechen, Nabil E"]
[Black "Kaloust, Giorgio"]
[Result "0-1"]
[WhiteElo "1956"]
[BlackElo "1764"]
[PlyCount "105"]
[EventDate "2017.09.30"]
[EventType "swiss"]
[EventRounds "9"]
[EventCountry "LBN"]
[SourceTitle "CBM 181 Extra"]
[Source "ChessBase"]
[SourceDate "2017.12.12"]
[SourceVersion "1"]
[SourceVersionDate "2017.12.12"]
[SourceQuality "1"]

1. e4 c5 2. d4 cxd4 3. c3 dxc3 4. Nxc3 g6 5. Bc4 Bg7 6. Qb3 e6 7. Nb5 a6 8. Nd6+ Kf8 9. Qf3 f6 10. Bd2 Nc6 11. Bc3 Qe7 12. Rd1 b5 13. Be2 b4 14. Nxc8 Rxc8 15. Bxa6 Ra8 16. Bb7 Rxa2 17. Bd2 Rxb2 18. Bf4 e5 19. Be3 b3 20. Ne2 Qb4+ 21. Bd2 Rxd2 22. Rxd2 b2 23. Nc3 Qxc3 24. Qxc3 b1Q+ 25. Rd1 Qxb7 26. 0-0 Nge7 27. Rb1 Qc8 28. Rfc1 Bh6 29. Rd1 Kg7 30. Qc5 Re8 31. Rd6 Rd8 32. Qb6 Qb8 33. Qxb8 Rxb8 34. Rbd1 Rd8 35. g3 Kf7 36. Kg2 Bg7 37. Rxd7 Rxd7 38. Rxd7 Ke6 39. Rb7 f5 40. f3 Bf6 41. h3 h5 42. Kf2 f4 43. g4 Nd4 44. Ra7 hxg4 45. hxg4 Nec6 46. Rh7 Nb4 47. Kg2 Nbc2 48. Kf2 Ne3 49. Rh1 Nc4 50. Rh6 Kf7 51. Rh3 Nd2 52. Rh7+ Bg7 53. Rh3 0-1

[Event "Beirut op 9th"]
[Site "Beirut"]
[Date "2017.10.03"]
[Round "5"]
[White "El Jawich, Amro"]
[Black "Khechen, Nabil E"]
[Result "1-0"]
[WhiteElo "2230"]
[BlackElo "1956"]
[PlyCount "59"]
[EventDate "2017.09.30"]
[EventType "swiss"]
[EventRounds "9"]
[EventCountry "LBN"]
[SourceTitle "CBM 181 Extra"]
[Source "ChessBase"]
[SourceDate "2017.12.12"]
[SourceVersion "1"]
[SourceVersionDate "2017.12.12"]
[SourceQuality "1"]

1. e4 c6 2. d4 d5 3. f3 e6 4. Nc3 Bb4 5. e5 b6 6. a3 Bf8 7. f4 Nh6 8. Qh5 Nf5 9. Nf3 g6 10. Qh3 c5 11. Bd3 Nxd4 12. Nxd4 cxd4 13. Ne2 Nc6 14. b4 a6 15. Bb2 Bg7 16. Nxd4 Nxd4 17. Bxd4 0-0 18. Qe3 Rb8 19. 0-0 f5 20. c4 dxc4 21. Bxc4 Rf7 22. Rfd1 Qc7 23. Rac1 Qb7 24. Be2 Rc7 25. Bf3 Rxc1 26. Rxc1 Qa7 27. Rc6 Bf8 28. Bxb6 Qd7 29. Rc7 Qe8 30. Bc6 1-0

[Event "LIB-chT"]
[Site "Beirut"]
[Date "2017.09.09"]
[Round "4.2"]
[White "Sayegh, Elias"]
[Black "Khechen, Nabil E"]
[Result "1/2-1/2"]
[WhiteElo "1735"]
[BlackElo "1985"]
[PlyCount "42"]
[EventDate "2017.09.06"]
[EventType "team"]
[EventRounds "9"]
[EventCountry "LBN"]
[SourceTitle "CBM 180 Extra"]
[Source "ChessBase"]
[SourceDate "2017.10.06"]
[SourceVersion "1"]
[SourceVersionDate "2017.10.06"]
[SourceQuality "1"]
[WhiteTeam "Ansar"]
[BlackTeam "Frerres"]
[WhiteTeamCountry "LBN"]
[BlackTeamCountry "LBN"]

1. e4 e5 2. Nf3 Nc6 3. Bc4 Nf6 4. Ng5 d5 5. exd5 Na5 6. Bb5+ c6 7. dxc6 bxc6 8. Be2 h6 9. Nf3 e4 10. Ne5 Bc5 11. c3 Qd5 12. d4 exd3 13. Nxd3 Bb6 14. Bf3 Qe6+ 15. Qe2 Qxe2+ 16. Bxe2 Bf5 17. 0-0 0-0 18. Nb4 Rad8 19. Na3 Rfe8 20. Bf3 Ne4 21. Nbc2 Nd2 1/2-1/2

[Event "Soviet Alumni op"]
[Site "Soviet Alumni"]
[Date "2016.12.30"]
[Round "7"]
[White "Khechen, Nabil E"]
[Black "Najjar, Ahmad"]
[Result "0-1"]
[WhiteElo "1974"]
[BlackElo "2312"]
[PlyCount "68"]
[EventDate "2016.12.22"]
[EventType "swiss"]
[EventRounds "7"]
[EventCountry "LBN"]
[SourceTitle "CBM 176 Extra"]
[Source "ChessBase"]
[SourceDate "2017.03.02"]
[SourceVersion "1"]
[SourceVersionDate "2017.03.02"]
[SourceQuality "1"]

1. e4 c5 2. c3 g6 3. d4 cxd4 4. cxd4 Bg7 5. Nc3 d6 6. Bc4 Nc6 7. Nge2 Nf6 8. Bb3 0-0 9. h3 b5 10. a4 b4 11. Nb1 Na5 12. Bc2 Ba6 13. b3 Rc8 14. Bd3 Bb7 15. Nd2 d5 16. e5 Ne4 17. Nxe4 dxe4 18. Bb1 Qd5 19. Ba2 Rfd8 20. Be3 Ba6 21. Rb1 Nc6 22. Rc1 Bxe2 23. Kxe2 Qa5 24. f4 exf3+ 25. gxf3 Bxe5 26. Rc4 Bxd4 27. Qc1 Qe5 28. Kf2 Bxe3+ 29. Qxe3 Qb2+ 30. Kg3 Nd4 31. Bb1 Ne2+ 32. Kg2 Nf4+ 33. Kg3 Nh5+ 34. Kg4 Qg2+ 0-1

[Event "Soviet Alumni op"]
[Site "Soviet Alumni"]
[Date "2016.12.27"]
[Round "4"]
[White "Khechen, Nabil E"]
[Black "Tarraf, Tarraf"]
[Result "1-0"]
[WhiteElo "1974"]
[BlackElo "1677"]
[PlyCount "75"]
[EventDate "2016.12.22"]
[EventType "swiss"]
[EventRounds "7"]
[EventCountry "LBN"]
[SourceTitle "CBM 176 Extra"]
[Source "ChessBase"]
[SourceDate "2017.03.02"]
[SourceVersion "1"]
[SourceVersionDate "2017.03.02"]
[SourceQuality "1"]

1. e4 e5 2. Nf3 Nf6 3. Nc3 d6 4. d4 exd4 5. Nxd4 Be7 6. g3 0-0 7. Bg2 Bg4 8. f3 Bd7 9. Nde2 Nc6 10. f4 Re8 11. Be3 Ng4 12. Bg1 Na5 13. Qd3 b5 14. Nxb5 a6 15. Nbc3 Rb8 16. b3 Bf6 17. Rd1 h5 18. Qd5 Nb7 19. Qxh5 Nc5 20. Bxc5 dxc5 21. Qd5 Bxc3+ 22. Nxc3 Qf6 23. Qxc5 Bc8 24. h3 Nh6 25. 0-0 Bb7 26. Rd7 Kh7 27. Rxc7 Rbc8 28. e5 Qg6 29. Bxb7 Qxg3+ 30. Bg2 Rxc7 31. Qxc7 Kg8 32. Qc5 Re6 33. Nd5 Nf5 34. Qf2 Qg6 35. Kh2 Qh6 36. Be4 Nh4 37. Rg1 Kh8 38. Rg4 1-0

[Event "Soviet Alumni op"]
[Site "Soviet Alumni"]
[Date "2016.12.23"]
[Round "2"]
[White "Khechen, Nabil E"]
[Black "Farhat, Jawad"]
[Result "1-0"]
[WhiteElo "1974"]
[BlackElo "1565"]
[PlyCount "51"]
[EventDate "2016.12.22"]
[EventType "swiss"]
[EventRounds "7"]
[EventCountry "LBN"]
[SourceTitle "CBM 176 Extra"]
[Source "ChessBase"]
[SourceDate "2017.03.02"]
[SourceVersion "1"]
[SourceVersionDate "2017.03.02"]
[SourceQuality "1"]

1. e4 e6 2. c4 c5 3. Nc3 Nc6 4. Nf3 g6 5. d4 cxd4 6. Nxd4 Bg7 7. Ndb5 Be5 8. f4 Bc7 9. Nxc7+ Qxc7 10. Nb5 Qb8 11. Nd6+ Kf8 12. b3 Nge7 13. Bb2 Rg8 14. Bf6 Qc7 15. Qd2 Qa5 16. Bc3 Qc7 17. f5 g5 18. 0-0-0 b6 19. f6 Bb7 20. fxe7+ Kxe7 21. Qf2 f5 22. exf5 Raf8 23. f6+ Kd8 24. f7 Rg6 25. Bg7 Rxg7 26. Qf6+ 1-0

[Event "LIB-chT"]
[Site "Beirut"]
[Date "2016.07.30"]
[Round "8.2"]
[White "Khechen, Nabil E"]
[Black "Abdulaziz, Mahmoud"]
[Result "1/2-1/2"]
[WhiteElo "1992"]
[BlackElo "2111"]
[PlyCount "108"]
[EventDate "2016.07.22"]
[EventType "team-tourn"]
[EventRounds "9"]
[EventCountry "LBN"]
[SourceTitle "EXT 2017"]
[Source "ChessBase"]
[SourceDate "2016.10.25"]
[SourceVersion "1"]
[SourceVersionDate "2016.10.25"]
[SourceQuality "1"]
[WhiteTeam "Freres"]
[BlackTeam "Ansar"]
[WhiteTeamCountry "LBN"]
[BlackTeamCountry "LBN"]

1. e4 g6 2. Nc3 Bg7 3. Bc4 d6 4. f4 a6 5. a3 e6 6. d3 b5 7. Ba2 Ne7 8. Nf3 Bb7 9. 0-0 c5 10. f5 gxf5 11. exf5 Nxf5 12. Ng5 Rg8 13. Rxf5 Bd4+ 14. Kf1 exf5 15. Bxf7+ Kd7 16. Bxg8 Qxg8 17. Qh5 Nc6 18. Bf4 Ne7 19. Re1 Re8 20. Re6 Ng6 21. Rxd6+ Kc8 22. Bg3 f4 23. Qg4+ Kb8 24. Bf2 Bxc3 25. bxc3 Qa2 26. Re6 Qb1+ 27. Be1 Rxe6 28. Qxe6 Qxc2 29. Qd6+ Ka8 30. Ne4 c4 31. Nf2 cxd3 32. Qd8+ Ka7 33. Qd4+ Ka8 34. Qxd3 Qa2 35. Ne4 Bd5 36. Nd2 f3 37. gxf3 Nf4 38. Qd4 Bc4+ 39. Kf2 Nd3+ 40. Kg1 Nxe1 41. Qd8+ Kb7 42. Qe7+ Kc6 43. Qxe1 Bd5 44. Qe8+ Kb6 45. Qe3+ Kb7 46. Qd4 Kc6 47. Qf6+ Kc7 48. Qe7+ Kb6 49. Qd6+ Kb7 50. Ne4 Bxe4 51. fxe4 Qe2 52. Qd4 Qe1+ 53. Kg2 Qe2+ 54. Kg3 Qe1+ 1/2-1/2

[Event "LIB-chT"]
[Site "Beirut"]
[Date "2016.07.26"]
[Round "5.3"]
[White "Zeidan, Mohammad"]
[Black "Khechen, Nabil E"]
[Result "1-0"]
[WhiteElo "1956"]
[BlackElo "1992"]
[PlyCount "97"]
[EventDate "2016.07.22"]
[EventType "team-tourn"]
[EventRounds "9"]
[EventCountry "LBN"]
[SourceTitle "EXT 2017"]
[Source "ChessBase"]
[SourceDate "2016.10.25"]
[SourceVersion "1"]
[SourceVersionDate "2016.10.25"]
[SourceQuality "1"]
[WhiteTeam "Ahli Saida"]
[BlackTeam "Freres"]
[WhiteTeamCountry "LBN"]
[BlackTeamCountry "LBN"]

1. e4 c5 2. Nc3 Nc6 3. g3 g6 4. Bg2 Bg7 5. Nf3 d6 6. d3 e6 7. 0-0 Nge7 8. Bd2 0-0 9. Qe2 Nd4 10. Nxd4 cxd4 11. Nd1 Nc6 12. c4 a5 13. f4 Re8 14. Nf2 f5 15. Rae1 Bd7 16. Qd1 Qb6 17. b3 Qc5 18. a4 Qb6 19. Qc2 Nb8 20. Bc1 Na6 21. Ba3 Rac8 22. Nh3 fxe4 23. Bxe4 d5 24. Bg2 dxc4 25. bxc4 Bf8 26. Bxf8 Rxf8 27. Ng5 Nc5 28. Rb1 Bxa4 29. Qf2 Qd6 30. Bxb7 Rb8 31. Ne4 Qe7 32. Nxc5 Qxc5 33. Qe2 Bd7 34. Be4 Rb4 35. Ra1 Rfb8 36. Rfe1 a4 37. Qg4 Qe7 38. h4 Qg7 39. Qg5 Be8 40. c5 h6 41. Qg4 Qf6 42. h5 Rc8 43. Bxg6 Bf7 44. c6 Kf8 45. Be4 Ke7 46. Rec1 Rg8 47. Qxg8 Bxg8 48. c7 Qg7 49. Bg6 1-0

[Event "LIB-chT"]
[Site "Beirut"]
[Date "2016.07.24"]
[Round "3.2"]
[White "Jouni, Hassan"]
[Black "Khechen, Nabil E"]
[Result "0-1"]
[WhiteElo "1797"]
[BlackElo "1992"]
[PlyCount "125"]
[EventDate "2016.07.22"]
[EventType "team-tourn"]
[EventRounds "9"]
[EventCountry "LBN"]
[SourceTitle "EXT 2017"]
[Source "ChessBase"]
[SourceDate "2016.10.25"]
[SourceVersion "1"]
[SourceVersionDate "2016.10.25"]
[SourceQuality "1"]
[WhiteTeam "Army Club"]
[BlackTeam "Freres"]
[WhiteTeamCountry "LBN"]
[BlackTeamCountry "LBN"]

1. e4 c5 2. c3 e6 3. d4 d5 4. exd5 Qxd5 5. Nf3 Nc6 6. Be2 Nf6 7. Na3 a6 8. Nc4 Qd8 9. Nce5 Nxe5 10. dxe5 Nd7 11. 0-0 Qc7 12. Re1 Be7 13. Bf1 b6 14. Qa4 Bb7 15. Qg4 0-0-0 16. Bf4 Qc6 17. Ng5 Bxg5 18. Bxg5 Rde8 19. Qh4 h6 20. Bd2 f6 21. f4 g5 22. Qf2 gxf4 23. Bxf4 fxe5 24. Bxe5 Rhf8 25. Qg3 Rg8 26. Qh3 Rg6 27. Bg3 c4 28. Rad1 Reg8 29. Kh1 Nc5 30. Rd6 Qb5 31. b4 Ne4 32. Rxe6 Nxg3+ 33. hxg3 Kb8 34. Rxg6 Rxg6 35. Qh4 Qd5 36. Qxc4 Qxc4 37. Bxc4 Rxg3 38. Re2 Rxc3 39. Bb3 Rg3 40. Kh2 Rg4 41. a3 Rg6 42. Kh3 Kc7 43. Re7+ Kb8 44. g3 Bc8+ 45. Kg2 Rd6 46. Re3 Bg4 47. Kf2 h5 48. Bc4 Rd2+ 49. Be2 Ra2 50. Ke1 Bxe2 51. Rxe2 Rxa3 52. Kf2 Rb3 53. Re4 Kc7 54. Rh4 Kc6 55. Rxh5 Rxb4 56. Rh4 Rxh4 57. gxh4 Kd7 58. h5 Ke7 59. Ke3 Kf6 60. Kd4 Kg5 61. Kc4 Kxh5 62. Kb4 Kg4 63. Kb3 0-1

[Event "Beirut op 8th"]
[Site "Beirut"]
[Date "2015.09.25"]
[Round "7"]
[White "Khechen, Nabil E"]
[Black "Bedrossian, Danielle Ghattas"]
[Result "1-0"]
[WhiteElo "2023"]
[BlackElo "1694"]
[PlyCount "29"]
[EventDate "2015.09.19"]
[EventType "swiss"]
[EventRounds "9"]
[EventCountry "LBN"]
[SourceTitle "EXT 2016"]
[Source "ChessBase"]
[SourceDate "2015.10.08"]
[SourceVersion "1"]
[SourceVersionDate "2015.10.08"]
[SourceQuality "1"]

1. e4 d6 2. Nc3 g6 3. Bc4 Bg7 4. f4 e5 5. d3 Qh4+ 6. g3 Qg4 7. Nge2 Qf3 8. Rf1 Qg2 9. fxe5 Be6 10. Bxe6 fxe6 11. exd6 cxd6 12. Nb5 Nh6 13. Nc7+ Kd7 14. Nxe6 Kxe6 15. Nf4+ 1-0

[Event "Beirut op 8th"]
[Site "Beirut"]
[Date "2015.09.23"]
[Round "5"]
[White "Khechen, Nabil E"]
[Black "Kotanjian, Tigran"]
[Result "0-1"]
[WhiteElo "2023"]
[BlackElo "2495"]
[PlyCount "84"]
[EventDate "2015.09.19"]
[EventType "swiss"]
[EventRounds "9"]
[EventCountry "LBN"]
[SourceTitle "EXT 2016"]
[Source "ChessBase"]
[SourceDate "2015.10.08"]
[SourceVersion "1"]
[SourceVersionDate "2015.10.08"]
[SourceQuality "1"]

1. d4 Nf6 2. Nf3 c5 3. c3 e6 4. Bf4 Nc6 5. e3 d5 6. Nbd2 Bd6 7. Bxd6 Qxd6 8. dxc5 Qxc5 9. Nb3 Qe7 10. Be2 0-0 11. 0-0 Rd8 12. Qc2 e5 13. Rfe1 Bg4 14. Nh4 g6 15. Bxg4 Nxg4 16. Nf3 e4 17. Nfd4 Nge5 18. Rf1 Rac8 19. Qe2 Nd3 20. f4 Rd6 21. Rad1 a6 22. Rb1 Qd8 23. g3 b5 24. Nxc6 Rdxc6 25. Nd4 Rb6 26. a3 a5 27. Ra1 b4 28. cxb4 axb4 29. a4 Qd7 30. Kg2 b3 31. a5 Rb4 32. Rfd1 Qa7 33. Rxd3 exd3 34. Qxd3 Rcc4 35. Nxb3 d4 36. Nxd4 Rxb2+ 37. Kg1 Qa8 38. Qf1 Qe4 39. Re1 Rxd4 40. exd4 Qxd4+ 41. Kh1 Qd2 42. Re8+ Kg7 0-1

[Event "Beirut op 8th"]
[Site "Beirut"]
[Date "2015.09.21"]
[Round "3"]
[White "Khechen, Nabil E"]
[Black "Salameh, Rami"]
[Result "1-0"]
[WhiteElo "2023"]
[BlackElo "1661"]
[PlyCount "65"]
[EventDate "2015.09.19"]
[EventType "swiss"]
[EventRounds "9"]
[EventCountry "LBN"]
[SourceTitle "EXT 2016"]
[Source "ChessBase"]
[SourceDate "2015.10.08"]
[SourceVersion "1"]
[SourceVersionDate "2015.10.08"]
[SourceQuality "1"]

1. e4 c5 2. Nc3 Nc6 3. Bb5 e5 4. Bxc6 bxc6 5. Nf3 d6 6. d3 Nf6 7. h3 Be7 8. b3 Qc7 9. Ne2 h6 10. Ng3 Be6 11. Qe2 a5 12. a4 Rb8 13. Bd2 Bd8 14. 0-0 Qd7 15. Nh4 g6 16. Kh2 Ra8 17. Bc3 Ng4+ 18. hxg4 Bxh4 19. Nf5 gxf5 20. gxf5 Bxf5 21. exf5 Qxf5 22. f4 Qg6 23. fxe5 Bg3+ 24. Kg1 dxe5 25. Qf3 Rg8 26. Bxe5 Bxe5 27. Rae1 Qe6 28. Rxe5 Qxe5 29. Qxf7+ Kd8 30. Qxg8+ Kd7 31. Qxa8 Qe3+ 32. Kh1 Qd4 33. Rf7+ 1-0

[Event "Beirut Lasker Memoral-B"]
[Site "Beirut"]
[Date "2015.01.31"]
[Round "10"]
[White "Jawhar, Oussama"]
[Black "Khechen, Nabil E"]
[Result "0-1"]
[WhiteElo "1851"]
[BlackElo "2016"]
[PlyCount "87"]
[EventDate "2015.01.21"]
[EventType "tourn"]
[EventRounds "11"]
[EventCountry "LBN"]
[SourceTitle "EXT 2018"]
[Source "ChessBase"]
[SourceDate "2017.10.13"]
[SourceVersion "1"]
[SourceVersionDate "2017.10.13"]
[SourceQuality "1"]

1. d4 Nf6 2. Nf3 d6 3. Bf4 c5 4. c3 Qc7 5. e3 g6 6. Nbd2 Bg7 7. h3 0-0 8. Be2 b6 9. 0-0 Bb7 10. Rc1 Nbd7 11. Qc2 Rac8 12. Qb1 Qd8 13. Rfd1 Qe8 14. e4 Nh5 15. Bh2 Bh6 16. d5 Nf4 17. Re1 f5 18. c4 Qf7 19. Bxf4 Bxf4 20. exf5 gxf5 21. Bd3 Ne5 22. Rcd1 Qf6 23. g3 Bh6 24. Re2 e6 25. Nxe5 dxe5 26. dxe6 Qxe6 27. Rde1 Qc6 28. Be4 fxe4 29. Nxe4 Rcd8 30. b4 cxb4 31. Qxb4 Rd4 32. Qe7 Bg7 33. h4 h6 34. h5 Rf7 35. Qa3 a6 36. f3 Bf8 37. Qc3 Rxc4 38. Qxe5 Rxf3 39. Kg2 Rf7 40. Qb8 Re7 41. Qf4 Rcxe4 42. Rxe4 Rxe4 43. Rxe4 Qxe4+ 44. Qxe4 0-1

[Event "Beirut Lasker Memoral-B"]
[Site "Beirut"]
[Date "2015.01.23"]
[Round "3"]
[White "Shamieh, Jamal"]
[Black "Khechen, Nabil E"]
[Result "0-1"]
[WhiteElo "2049"]
[BlackElo "2016"]
[PlyCount "101"]
[EventDate "2015.01.21"]
[EventType "tourn"]
[EventRounds "11"]
[EventCountry "LBN"]
[SourceTitle "EXT 2018"]
[Source "ChessBase"]
[SourceDate "2017.10.13"]
[SourceVersion "1"]
[SourceVersionDate "2017.10.13"]
[SourceQuality "1"]

1. d4 Nf6 2. Nf3 d6 3. c4 Nbd7 4. Nc3 g6 5. Bf4 c5 6. e3 Bg7 7. Be2 Nh5 8. Bg3 h6 9. Bh4 g5 10. Ng1 cxd4 11. exd4 Nf4 12. Bg3 Nxg2+ 13. Kf1 Nf4 14. Bxf4 gxf4 15. Qd2 Nf8 16. Bh5 Qa5 17. d5 e5 18. Re1 Ng6 19. Bxg6 fxg6 20. Qxf4 Bf5 21. Qe3 Qb4 22. b3 0-0 23. Kg2 a6 24. Nge2 Bg4 25. Rhg1 Kh7 26. h3 Bh5 27. Ng3 Rf3 28. Qe4 Rf4 29. Qd3 Bf3+ 30. Kh2 Raf8 31. Nge4 Bh5 32. Re3 R8f7 33. c5 dxc5 34. d6 Qd4 35. Nd5 Qxd3 36. Rxd3 Rxe4 37. d7 Rxf2+ 38. Kg3 Rf8 39. Rf1 Rd8 40. Rf7 Kg8 41. Re7 Kf8 42. Rd2 g5 43. Re6 Rxd7 44. Rf2+ Rf7 45. Rc2 Rf3+ 46. Kg2 Rd4 47. Rxc5 Rd2+ 48. Kg1 Kg8 49. Rc8+ Kf7 50. Rc5 e4 51. Re7+ 0-1

[Event "Beirut op 7th"]
[Site "Beirut"]
[Date "2014.05.11"]
[Round "6"]
[White "Khechen, Nabil E"]
[Black "El Ayyash, Rawad"]
[Result "0-1"]
[WhiteElo "2038"]
[BlackElo "1801"]
[PlyCount "123"]
[EventDate "2014.05.06"]
[EventType "swiss"]
[EventRounds "9"]
[EventCountry "LBN"]
[SourceTitle "EXT 2016"]
[Source "ChessBase"]
[SourceDate "2015.10.08"]
[SourceVersion "1"]
[SourceVersionDate "2015.10.08"]
[SourceQuality "1"]

1. e4 e6 2. c4 c6 3. d4 d5 4. Nc3 Nf6 5. f3 Be7 6. Be3 Qa5 7. a3 0-0 8. b4 Qd8 9. e5 Nfd7 10. c5 f6 11. f4 Rf7 12. Nf3 b6 13. Qb3 Nf8 14. Rd1 a5 15. Bd3 Qc7 16. 0-0 Nbd7 17. Bf2 Rb8 18. Qa2 Ra8 19. Qc2 g6 20. Bg3 Qd8 21. Bh4 axb4 22. axb4 bxc5 23. bxc5 Qc7 24. Bg3 Qd8 25. Ra1 Ra5 26. Qb3 fxe5 27. fxe5 Qc7 28. Qb4 Ra7 29. Rxa7 Qxa7 30. Qa4 Qc7 31. Ra1 h6 32. Qa7 Qxa7 33. Rxa7 Kg7 34. Rc7 Nxc5 35. Be2 Ba6 36. Bxa6 Nxa6 37. Rxc6 Nb4 38. Rb6 g5 39. h3 Nd3 40. Nb5 Bb4 41. Nd6 Ra7 42. Ne8+ Kf7 43. Nf6 Nd7 44. Nxd7 Rxd7 45. Kf1 Ra7 46. Ke2 Ra3 47. Rb7+ Be7 48. Rb1 Nf4+ 49. Bxf4 gxf4 50. Rb7 Re3+ 51. Kf2 Rc3 52. Nh4 Rd3 53. Nf3 Rc3 54. Nh4 Rd3 55. Nf3 Rc3 56. h4 Ke8 57. Kg1 Rc4 58. Kh2 Rc1 59. Kh3 h5 60. g4 Rc3 61. gxh5 Rxf3+ 62. Kg4 0-1

[Event "Asia-ch Seniors 4th"]
[Site "Amman"]
[Date "2014.01.27"]
[Round "4"]
[White "Muhssen, Fared Saleh"]
[Black "Khechen, Nabil E"]
[Result "0-1"]
[WhiteElo "1944"]
[BlackElo "2029"]
[PlyCount "91"]
[EventDate "2014.01.25"]
[EventType "swiss"]
[EventRounds "9"]
[EventCountry "JOR"]
[SourceTitle "EXT 2015"]
[Source "ChessBase"]
[SourceDate "2014.11.20"]
[SourceVersion "1"]
[SourceVersionDate "2014.11.20"]
[SourceQuality "1"]

1. d4 Nf6 2. Nf3 c5 3. Nc3 cxd4 4. Qxd4 Nc6 5. Qh4 Qb6 6. e4 Nb4 7. Bd3 d6 8. 0-0 Nxd3 9. cxd3 e6 10. Be3 Qa5 11. a3 Be7 12. Qg5 e5 13. Bd2 Qa6 14. Qe3 Ng4 15. Qe2 Be6 16. h3 Nf6 17. b4 Nd7 18. Rfc1 0-0 19. a4 b6 20. b5 Qb7 21. d4 f6 22. a5 bxa5 23. Rxa5 Nb6 24. d5 Bd7 25. g4 g6 26. Bh6 Rfc8 27. Nd2 Bd8 28. Ra6 Nxd5 29. exd5 Rxc3 30. Rxc3 Bxb5 31. Rb3 Bxe2 32. Rxb7 Bxa6 33. Rg7+ Kh8 34. Rd7 Bd3 35. Rxd6 a5 36. Re6 Kg8 37. Rd6 a4 38. Rd7 Ba5 39. d6 g5 40. Rg7+ Kh8 41. Nf3 a3 42. h4 a2 43. Kh2 a1Q 44. hxg5 fxg5 45. Nxg5 Bg6 46. d7 0-1

[Event "Asia-ch Seniors 4th"]
[Site "Amman"]
[Date "2014.01.25"]
[Round "1"]
[White "Khechen, Nabil E"]
[Black "Mosa, Omran"]
[Result "1-0"]
[WhiteElo "2029"]
[BlackElo "1719"]
[PlyCount "49"]
[EventDate "2014.01.25"]
[EventType "swiss"]
[EventRounds "9"]
[EventCountry "JOR"]
[SourceTitle "EXT 2015"]
[Source "ChessBase"]
[SourceDate "2014.11.20"]
[SourceVersion "1"]
[SourceVersionDate "2014.11.20"]
[SourceQuality "1"]

1. e4 c5 2. d4 cxd4 3. c3 dxc3 4. Nxc3 Nc6 5. Nf3 e6 6. Bc4 g6 7. 0-0 Bg7 8. Nb5 Ne5 9. Nd6+ Ke7 10. Bg5+ Bf6 11. Nxe5 Bxg5 12. Nexf7 Qc7 13. f4 Qb6+ 14. Kh1 Bf6 15. e5 Bg7 16. Nxh8 Bxh8 17. Bb3 Nh6 18. Rc1 Nf5 19. Rxc8 Nxd6 20. Qxd6+ Qxd6 21. exd6+ Kf7 22. Rxa8 Bxb2 23. Rxa7 Ke8 24. Rxb7 Ba3 25. Rd1 1-0

[Event "Beirut op 6th"]
[Site "Beirut"]
[Date "2013.??.??"]
[Round "7"]
[White "Moudallal, Tarek"]
[Black "Khechen, Nabil E"]
[Result "1-0"]
[WhiteElo "1984"]
[BlackElo "2046"]
[PlyCount "73"]
[EventDate "2013.05.17"]
[EventType "swiss"]
[EventRounds "9"]
[EventCountry "LBN"]
[SourceTitle "EXT 2018"]
[Source "ChessBase"]
[SourceDate "2017.10.13"]
[SourceVersion "1"]
[SourceVersionDate "2017.10.13"]
[SourceQuality "1"]

1. e4 e6 2. d4 d5 3. Nc3 Bb4 4. e5 c5 5. Bd2 cxd4 6. Nb5 Bf8 7. f4 Nc6 8. Nf3 Qb6 9. a4 Bc5 10. a5 Qd8 11. Bd3 a6 12. Na3 f5 13. 0-0 Nh6 14. Qe1 Ng4 15. b4 Ba7 16. b5 axb5 17. Nxb5 Bc5 18. Qg3 0-0 19. Rfe1 Nb4 20. h3 Nh6 21. Nfxd4 Nc6 22. Be3 Rxa5 23. Kh2 Be7 24. Qf2 Rxa1 25. Rxa1 Nxd4 26. Bxd4 Bd7 27. Bb6 Qe8 28. Nc7 Qh5 29. Kg1 g5 30. fxg5 Bxg5 31. c4 dxc4 32. Bxc4 Qg6 33. Qa2 Kf7 34. Rd1 Bc8 35. Rd6 Be7 36. Nxe6 Bxe6 37. Rxe6 1-0

[Event "Beirut op 4th"]
[Site "Beirut"]
[Date "2011.05.17"]
[Round "5"]
[White "Khechen, Nabil E"]
[Black "Brock, Friedemann"]
[Result "0-1"]
[WhiteElo "2066"]
[BlackElo "2241"]
[PlyCount "69"]
[EventDate "2011.05.14"]
[EventType "swiss"]
[EventRounds "9"]
[EventCountry "LBN"]
[SourceTitle "CBM 142 Extra"]
[Source "ChessBase"]
[SourceDate "2011.06.27"]
[SourceVersion "1"]
[SourceVersionDate "2011.06.27"]
[SourceQuality "1"]

1. e4 c5 2. d4 cxd4 3. c3 Nf6 4. Bc4 Nxe4 5. Bxf7+ Kxf7 6. Qh5+ Kg8 7. Qd5+ e6 8. Qxe4 d5 9. Qxd4 Nc6 10. Qd1 e5 11. Nf3 Bg4 12. Nbd2 Qd7 13. h3 Bh5 14. 0-0 Re8 15. Re1 Bd6 16. Qb3 Bc5 17. Qb5 Bb6 18. a4 e4 19. Nd4 Qf7 20. N2b3 Ne5 21. Be3 Nd3 22. Reb1 Bc7 23. a5 a6 24. Qa4 h6 25. Nc1 Nf4 26. Qc2 Kh7 27. Nce2 Nd3 28. Rf1 Rhf8 29. b4 Qg6 30. Kh1 Qd6 31. g3 g5 32. Nb3 Bf3+ 33. Kh2 Re5 34. Nc5 Rff5 35. Nxd3 0-1